The quest for regional integration in the twenty first century: Rhetoric versus reality-Acomparative study./ (Record no. 8755)
[ view plain ]
| 000 -LEADER | |
|---|---|
| fixed length control field | 01031nam a22001697a 4500 |
| 005 - DATE AND TIME OF LATEST TRANSACTION | |
| control field | 20220222105042.0 |
| 008 - FIXED-LENGTH DATA ELEMENTS--GENERAL INFORMATION | |
| fixed length control field | 220222b ||||| |||| 00| 0 eng d |
| 020 ## - INTERNATIONAL STANDARD BOOK NUMBER | |
| International Standard Book Number | 9789987081561 |
| 050 ## - LIBRARY OF CONGRESS CALL NUMBER | |
| Classification number | HF1418.5. B579 |
| 100 ## - MAIN ENTRY--PERSONAL NAME | |
| 9 (RLIN) | Biswaro, J.M. |
| 245 ## - TITLE STATEMENT | |
| Title | The quest for regional integration in the twenty first century: Rhetoric versus reality-Acomparative study./ |
| Remainder of title | J.M Bisaro. |
| 260 ## - PUBLICATION, DISTRIBUTION, ETC. | |
| Place of publication, distribution, etc. | Dar es Salam: |
| Name of publisher, distributor, etc. | Mkuki Na Nyota; |
| Date of publication, distribution, etc. | 2012. |
| 300 ## - PHYSICAL DESCRIPTION | |
| Extent | xiv, 401 p. : |
| Other physical details | ill. ; |
| Dimensions | 23 cm. |
| 500 ## - GENERAL NOTE | |
| General note | Includes Bibliographical references and index. |
| 505 ## - FORMATTED CONTENTS NOTE | |
| Formatted contents note | Contents : Theoretical and conceptual reflection -- Sovereignty and hypocrisy -- The European union -- Mercosur -- An evaluation of Latin American and Caribbean integration schemes -- Regional integration in East Asia and the challenges of leadership -- The Pan-African movement -from Manchester to Addis Ababa -- OAU performance -- African integration: An assessment of its progress and prospects -- Reflections and concluding remarks -- Bibliography -- Index. |
| 942 ## - ADDED ENTRY ELEMENTS (KOHA) | |
| Source of classification or shelving scheme | Library of Congress Classification |
| Koha item type | Books |
| Withdrawn status | Lost status | Source of classification or shelving scheme | Damaged status | Not for loan | Home library | Current library | Shelving location | Date acquired | Full call number | Barcode | Date last seen | Copy number | Price effective from | Koha item type |
|---|---|---|---|---|---|---|---|---|---|---|---|---|---|---|
| Library of Congress Classification | WISCONSIN INTERNATIONAL UNIVERSITY COLLEGE, GHANA - MAIN LIBRARY | WISCONSIN INTERNATIONAL UNIVERSITY COLLEGE, GHANA - MAIN LIBRARY | Reference | 22/02/2022 | HF 1418.5. B579 | 9101/550/22 | 22/02/2022 | 1 | 22/02/2022 | Books |
